Statistics for North American Lakes - Map Quiz

Click here to take the quiz!

General Stats

  • This quiz has been taken 245 times
  • The average score is 10 of 19

Answers on the Map

Answers color-coded by a green-red scale on the quiz's map according to % correct below.
 

Answer Stats

Answer% Correct
Michigan Lake
89%
Superior Lake
87%
Ontario Lake
81%
Erie Lake
80%
Huron Lake
78%
Great Salt Lake
77%
Great Slave Lake
75%
Great Bear Lake
64%
Winnipeg Lake
62%
Lake of the Wood
44%
Athabasca Lake
41%
Manitoba Lake
36%
Amadjuak Lake
34%
Nipigon Lake
32%
Winnipegosis Lake
31%
Raindeer Lake
26%
Cedar Lake
14%
Dubawnt Lake
12%
Nettilling Lake
12%

Score Distribution

Percentile by Number Answered

Percent of People with Each Score

Your Score History

You have not taken this quiz